Island and Island - Statistics

General Stats
  • This quiz has been taken 63 times
  • The average score is 8 of 16
Answer Stats
Country Answer % Correct
_______ and _______ Antigua
88%
__ _____ and _____ St. Kitts
88%
__ _____ and _____ Nevis
84%
_______ and _______ Barbuda
81%
_______ and ______ Trinidad
75%
_______ and ______ Tobago
74%
___ ____ and _______ São Tomé
61%
___ ____ and _______ Príncipe
60%
France Miquelon
47%
France St. Pierre
47%
France Wallis
44%
France Futuna
40%
Scotland Harris
28%
Scotland Lewis
28%
Vanuatu/France Hunter Island
2%
Vanuatu/France Matthew Island
2%
No matching quizzes found
Score Distribution
Percent of People with Each Score
Percentile by Number Answered
Your Score History
You have not taken this quiz